| 000 | 005050000a22001810004500 | ||
|---|---|---|---|
| 003 | MACL | ||
| 005 | 20151027143859.0 | ||
| 008 | 151027b xxu||||| |||| 00| 0 eng d | ||
| 040 |
_aMACL _cMACL |
||
| 041 | _aEnglish | ||
| 082 | _a920/MON | ||
| 100 |
_aMondal, Haripada _916963 |
||
| 245 |
_aAcharya Brajendra Nath Seal 1864-1938 A Tribute _bThe Greatest Savant of India |
||
| 260 |
_bBangiya Sahitya Parishat _c2008 _aKolkata |
||
| 350 | _a100 | ||
| 650 |
_aBiography _916964 |
||
| 942 |
_cBK _k920/MON _2ddc |
||
| 999 |
_c43955 _d43955 |
||